00591cam a22002411 4500001001300000003000400013005001700017008004100034010001700075025001900092035002000111040002100131042001200152050001800164100003000182245002800212260001200240300001900252500001600271504003100287650001400318999001700332sa 65007598 DLC20260227112149.0940715s1962 ii b 000 0 pano  asa 65007598  aPL480:I-Pu-152 a(OCoLC)30774089 aDLCcCUdCUdDLC apremarc00aLB1025b.S5631 aShukla, Lalji Ram,d1904-10aSikhiā de sidhānta. c[1962?] a237 p.c22 cm. aIn Panjabi. aBibliographical footnotes. 0aTeaching. c65235d65235